COMO DIRIGIR UNA MANADA /

TRADUCCION DE: HOW TO RUN A PACK

Guardado en:
Bibliografiske detaljer
Hovedforfatter: Gilcraft (autor)
Format: Bog
Udgivelse:3a edición
Fag:
Tags: Tilføj Tag
Ingen Tags, Vær først til at tagge denne postø!

MARC

LEADER 00000nam^a2200000^a^4500
001 000243599
005 20250521000000.0
009 20260310105343.152
035 |a 066553 
037 |a Acervo Xavier Clavigero 
082 |a 369. 43  |b GIL 
100 |a Gilcraft  |e (autor) 
245 1 0 |a COMO DIRIGIR UNA MANADA /  |c GILCRAFT 
250 |a 3a edición 
264 |a MEXICO :  |b ESCULTISMO,  |c 1955 
300 |a 160 p. 
336 |a texto  |b txt  |2 rdacontenido 
337 |a sin mediación  |b n  |2 rdamedio 
338 |a volumen  |b nc  |2 rdasoporte 
520 |a TRADUCCION DE: HOW TO RUN A PACK 
649 |a XX 
650 |a Boy Scouts 
910 |a Fondo General 
920 |a Impresos - Libros 
930 |a Colección General 
905 |a 101 
901 |a 066553  |b IT1  |c ACC  |i 066553  |u 20250521 
902 |a https://opac.biblio.iteso.mx/vufind/Record/000243599